Trenerzy piłki nożnej na literę Z - Statystyki

Ogólne statystyki
  • Ten quiz został rozwiązany 25 razy
  • Średni wynik to 2 z 5
Statystyki odpowiedzi
Prowadzone zespoły Odpowiedź % Poprawnych
Real Madryt 2016-2018 2019-2021 Zinedine Zidane
91%
Brazylia 1970-1974 1994-1998 Mario Zagallo
39%
Juventus 1988-1990 Lazio 1990-1994 Włochy 1998-2000 Dino Zoff
22%
Udinese 1995-1998 AC Milan 1998-2001 Japonia 2010-2014 Alberto Zaccheroni
17%
Foggia 1989-1994 Lazio 1994-1997 AS Roma 1997-1999 Zdenek Zeman
13%
Nie znaleziono quizów pasujących do podanych kryteriów
Rozkład punktacji
Procent ludzi z każdym wynikiem
Percentyl według liczby udzielonych odpowiedzi
Twoja historia wyników
Nie rozwiązałeś tego quizu